| 000 | 00538cam a22001217a 4500 | ||
|---|---|---|---|
| 008 | 180718b1969 xxu||||| |||| 00| 0 eng d | ||
| 082 | _aB706x42 Un3/WeS | ||
| 100 | _aRoyal Commission on Local Government in England | ||
| 245 | _aRoyal Commission on Local Government in England: written evidence (including supplemnetary evidence) of Local Governmentand Associated Bodies and of Local Authorities in Greater London | ||
| 260 |
_aLondon _bHer Majesty's Stationery Office _c1969 |
||
| 300 | _a388+p. | ||
| 700 | _aRedcliffe-Maud, Lord, Chairman | ||
| 999 |
_c488365 _d488365 |
||